Maṇṇil nallavaṇṇam vāl̲aām / (Record no. 62723)

MARC details
000 -LEADER
fixed length control field 00611cam a2200205 i 4500
001 - CONTROL NUMBER
control field sa 65002616
003 - CONTROL NUMBER IDENTIFIER
control field DLC
005 - DATE AND TIME OF LATEST TRANSACTION
control field 20260227112117.0
008 - FIXED-LENGTH DATA ELEMENTS--GENERAL INFORMATION
fixed length control field 841105s1964 ii 00010 tamo
010 ## - LIBRARY OF CONGRESS CONTROL NUMBER
LC control number sa 65002616 //r892
050 0# - LIBRARY OF CONGRESS CALL NUMBER
Classification number PL4758.9.S868
Item number M3
100 10 - MAIN ENTRY--PERSONAL NAME
Personal name Cuppiramaṇiyan̲, A. Ve.,
Dates associated with a name 1924-
245 10 - TITLE STATEMENT
Title Maṇṇil nallavaṇṇam vāl̲aām /
Statement of responsibility, etc. [el̲utiyavar] A.V. Cuppiramaṇiyan̲.
250 ## - EDITION STATEMENT
Edition statement [1. patippu].
260 0# - PUBLICATION, DISTRIBUTION, ETC.
Place of publication, distribution, etc. Maturai :
Name of publisher, distributor, etc. Mīn̲āṭci Puttaka Nilaiyam,
Date of publication, distribution, etc. 1964.
300 ## - PHYSICAL DESCRIPTION
Extent 189 p. ;
Dimensions 19 cm.
490 0# - SERIES STATEMENT
Series statement Mīn̲āṭci ;
Volume/sequential designation 42
500 ## - GENERAL NOTE
General note In Tamil.
500 ## - GENERAL NOTE
General note A novel.

No items available.

Powered by Koha